| 000 | 00606cab a2200205 4500 | ||
|---|---|---|---|
| 001 | WB2738-08 | ||
| 008 | 090401t1991 xxu||||| |||| 00| 0 eng d | ||
| 035 | _a(Sirsi) u1459 | ||
| 041 | _aeng | ||
| 245 | _aSubsidence cover | ||
| 260 | _c1991 | ||
| 350 | _a0 | ||
| 490 |
_aDaily Express _v30 September 1991, 22&27(1) |
||
| 520 | _aExamines the problem of subsidence looking at what causes it, how it can be remedied and how insurance policies deal with it. | ||
| 650 |
_aInsurance _96249 |
||
| 650 | _aSUBSIDENCE | ||
| 690 | _aBUILT ENVIRONMENT-BUILDING PATHOLOGY | ||
| 942 | _n0 | ||
| 948 | _c04/03/1997 | ||
| 999 |
_c813 _d813 |
||